Quick Pick: Sigourney Weaver Movies Quiz Stats

 Plays Quiz Updated Jan 23, 2018

Score 0/10 Timer 01:00
0 Plays Today
% Correct
Baby
94.8%
Kings
94.5%
Gorillas
94.3%
You
93.6%
Resurrection
93.2%
Galaxy
93.2%
Cedar
92.9%
Storm
92.6%
Vantage
87%
Street
79.8%

Today's Daily Dose

You're not logged in!

Compare scores with friends on all Sporcle quizzes.
OR
Log In

You Might Also Like...

Show Comments

Extras

Top Quizzes Today


Score Distribution

Your Account Isn't Verified!

In order to create a playlist on Sporcle, you need to verify the email address you used during registration. Go to your Sporcle Settings to finish the process.

Report this User

Report this user for behavior that violates our Community Guidelines.

Details: